[Event "Terres Catalanes"]
[Site "Manresa"]
[Date "1996.??.??"]
[Round "7"]
[White "Vehi Bach, Victor Manuel"]
[Black "Psakhis, Lev"]
[Result "0-1"]
[WhiteElo "2365"]
[BlackElo "2590"]
[Annotator "Atlas,V"]
[PlyCount "60"]
[EventDate "1996.09.??"]
[EventType "tourn"]
[EventRounds "9"]
[EventCountry "ESP"]
[EventCategory "9"]
[SourceTitle "CBM 056"]
[Source "ChessBase"]
[SourceDate "1997.02.01"]
[SourceVersion "1"]
[SourceVersionDate "1997.02.01"]
[SourceQuality "1"]

1. e4 e6 2. d4 d5 3. Nc3 Bb4 4. e5 c5 5. a3 Bxc3+ 6. bxc3 Qc7 7. Qg4 f5 8. Qg3
cxd4 9. cxd4 Ne7 10. Bd2 O-O 11. Bd3 b6 12. Ne2 Ba6 13. Bb4 Bxd3 14. cxd3 Rf7
$1 $146 ({An original approach to the well-known position, which calls into
question White's strategical concept. The standard plan, connected with the
set-up Nb8-c6 and Rf8-c8, was significantly undermined in the game Diez del
orral,J-Portisch,L/Buenos Aires (ol) 1978, where after} 14... Nbc6 15. Bd6 Qd7
16. O-O Rfc8 17. h4 Ng6 18. h5 Nh8 19. h6 g6 {White got a clear advantage by}
20. Nf4 $1 Nxd4 21. Ra2 Qb7 22. a4 Rc6 23. Qe3 Nc2 24. Rxc2 Rxc2 25. Nxe6 {
and beautifully won the game after} Nf7 26. Nd4 Ra2 27. Nxf5 Nxd6 28. exd6 gxf5
29. Qg5+ Kf8 30. Re1 Qf7 31. Re7 {/\31...Qg6 32.Qg6 hg6 33 h7+-. Placing Rf8
at f7 instead of c8, Black retains a positional threat f5-f4 and reaches a
harmonious set-up, featured by an efficient interaction between the pieces.})
15. O-O Nbc6 16. Bd6 {It was probably better to withdraw the bishop to d2,
although after 16...Qd7 Black has good perspectives in the middlegame.} Qd7 17.
a4 {Parring the threat Nc8, but overlooking an unexpected blow at the kingside.
} f4 $1 {The key move of Black's plan.} 18. Qg4 $2 ({White definitely
overlooked or underestimated Black's reply here. It was essential to take the
pawn, although after} 18. Nxf4 Nf5 {the failure of White's opening strategy is
evident.}) 18... f3 $1 ({The strongest continuation. White apparently counted
on} 18... Nf5 19. Nxf4 Ncxd4 20. Nh5 Nxd6 21. Qxd4 {, with good counterchances.
}) 19. gxf3 Nf5 20. Ba3 ({Now} 20. Nf4 {does not make sense, becuase of} Nfxd4
{/\Rf4, /\Rf5, Qf7-/+}) 20... h5 $1 {The decisive blow. After the loss of Pd4
White's position is unbearable.} 21. Qxh5 Nfxd4 22. Nxd4 Nxd4 23. Bd6 Rf5 24.
Qh3 Nxf3+ 25. Kg2 Qf7 $1 26. Rac1 (26. Rh1 Qg6+ 27. Kf1 Nd2+ 28. Ke1 Rf3 $19)
26... Rh5 ({Black could also have won by} 26... Rg5+ 27. Kh1 Rh5) 27. Qxf3
Rxh2+ 28. Kxh2 Qxf3 29. Rc2 Kh7 $1 {Involving the rook in the attack, Black
forces mate.} 30. Rg1 Rh8 0-1

[Event "Ptuj zt"]
[Site "Ptuj"]
[Date "1995.??.??"]
[Round "5"]
[White "Atlas, Valeri"]
[Black "Kindermann, Stefan"]
[Result "1/2-1/2"]
[WhiteElo "2450"]
[BlackElo "2585"]
[Annotator "Atlas,V"]
[PlyCount "65"]
[EventDate "1995.04.??"]
[EventType "tourn"]
[EventRounds "15"]
[EventCountry "SLO"]
[EventCategory "10"]
[SourceTitle "CBM 047"]
[Source "ChessBase"]
[SourceDate "1995.08.01"]
[SourceVersion "1"]
[SourceVersionDate "1995.08.01"]
[SourceQuality "1"]

1. e4 e6 2. d4 d5 3. Nc3 Bb4 4. e5 c5 5. a3 Ba5 6. b4 cxd4 7. Nb5 Bc7 8. f4 Nh6
(8... Ne7 9. Nf3 a6 10. Nxc7+ Qxc7 11. Bd3 Bd7 12. Bb2 Ba4 13. O-O Nbc6 14. Rf2
Rc8 15. Rc1 g6 16. Qd2 a5 17. b5 Na7 18. Qe2 Nf5 19. g4 Ne7 20. b6 {1-0 Lanc,
Alois-Hagara,Eduard/Topolcianky ch-SVK (03) 1994}) 9. Nf3 (9. Bd3 Bd7 10. Nf3
Bxb5 11. Bxb5+ Nc6 12. Nxd4 O-O 13. Bxc6 bxc6 14. Nxc6 Qd7 15. Nd4 Bb6 16. Be3
Rfc8 17. O-O Rc3 18. Bf2 Rac8 $17 {Wallace-Landenbergue, Moscow ol, 1994}) 9...
Bd7 10. Nxc7+ (10. Bb2 O-O 11. Nxc7 Qxc7 12. Bd3 Nc6 13. O-O a6 14. Qe2 Nf5 15.
Kh1 Rac8 16. Rf2 f6 17. Re1 fxe5 18. fxe5 Qd8 $15 {Duschek-Landenbergue, Bern
1994}) 10... Qxc7 11. Bd3 a6 12. a4 $1 $146 {[#]} (12. O-O Bb5 13. Bxb5+ axb5
14. Qd3 Nc6 15. Qxb5 Qd7 16. Ng5 (16. Qc5 Rc8 17. Re1 Nf5 18. Qb6 h5 19. Re2
O-O 20. Bb2 Nce7 21. Nxd4 Rc4 22. Nb3 d4 23. Nc5 Qd5 24. Nb3 d3 25. Rf2 Rxc2
26. Nd4 Rxf2 27. Kxf2 Rc8 28. Kg1 Nh4 {0-1 Almasi,Z-Hug,W/Altensteig (02) 1994}
) 16... f6 17. Nf3 O-O 18. Bb2 fxe5 19. fxe5 Nf5 20. Qd3 h6 21. Bxd4 Nfxd4 22.
Nxd4 Rxf1+ 23. Rxf1 Nxd4 24. Qxd4 Rxa3 25. c4 {1/2-1/2 Bichsel,W-Hug,W/SUI-chT
(7) 1994}) 12... Nc6 (12... Nf5 13. Qd2 $14) (12... Ng4 13. Qd2 $14) (12... b5
{d} 13. axb5 Qb6 (13... Qb7 14. Nxd4) 14. Ra5 $1 {/\Bb2+/-}) 13. Qd2 Nf5 (13...
Qb6 14. Ba3 Nf5 15. b5 $1 $16 (15. a5 $6 Qa7 16. O-O Ne3 {/\Nc4}) 15... Na5 16.
g4 $1 {a} (16. Bxf5 Nc4 17. Qb4 Nxa3 18. Rxa3 exf5 {/\Rc8<=>d}) 16... Ne3 17.
Qb4 O-O-O 18. bxa6 Qxb4+ 19. Bxb4 Nc6 20. Bd6 {/\Rb1+-}) 14. Bb2 Qb6 15. b5
axb5 16. axb5 Rxa1+ 17. Bxa1 Qa5 {[#]} 18. bxc6 (18. Ke2 Qxd2+ 19. Kxd2 Na5 (
19... Nce7 20. g4) 20. g4 Ne3 (20... Ne7 21. Bxd4 Nc4+ 22. Bxc4 dxc4 23. Ra1
$16 O-O $140 24. Bc5) 21. Nxd4 Nac4+ 22. Ke2 h5 $1 (22... O-O 23. Rg1 Ra8 24.
Bc3 $16) 23. g5 g6 $14) (18. Bb2 $142 $1 Qxd2+ 19. Kxd2 Na5 20. Ra1 b6 21. g4
$1 Ne3 $140 22. Bxd4 Nec4+ 23. Kc3 Ke7 (23... Bxb5 24. Bxb6 $18) 24. Bxb6 $18)
18... Qxa1+ 19. Kf2 Qxh1 20. cxd7+ Kxd7 21. Bxf5 (21. Qb4 Kc8) 21... exf5 22.
e6+ (22. Qb4 Kc8 23. Qc5+ Kb8 $10) 22... fxe6 (22... Kxe6 $2 23. Nxd4+ Kf6 24.
Qe3 $18) 23. Ne5+ Kc8 24. Qxd4 {/\Qc5+-} Rd8 $8 25. Qc5+ Kb8 26. Qb6 Kc8 27.
Qc5+ Kb8 28. Qb6 Kc8 29. Qxe6+ Kc7 30. Qe7+ Kc8 31. Qe6+ Kc7 32. Qe7+ Kc8 33.
Qe6+ 1/2-1/2

[Event "Gausdal Classic"]
[Site "Gausdal"]
[Date "2004.09.25"]
[Round "3"]
[White "Sammalvuo, Tapani"]
[Black "Smeets, Jan"]
[Result "1-0"]
[WhiteElo "2445"]
[BlackElo "2545"]
[Annotator "Atlas,V"]
[PlyCount "121"]
[EventDate "2004.09.23"]
[EventType "tourn"]
[EventRounds "9"]
[EventCountry "NOR"]
[EventCategory "10"]
[SourceTitle "CBM 104"]
[Source "ChessBase"]
[SourceDate "2005.01.27"]
[SourceVersion "1"]
[SourceVersionDate "2005.01.27"]
[SourceQuality "1"]

1. e4 e6 2. d4 d5 3. Nc3 Bb4 4. e5 c5 5. a3 Bxc3+ 6. bxc3 Ne7 7. Qg4 O-O 8. Bd3
Nbc6 9. Qh5 Ng6 10. Nf3 Qc7 11. Be3 c4 12. Bxg6 fxg6 13. Qg4 Bd7 14. h4 Rf5 15.
h5 gxh5 16. Rxh5 Raf8 17. Rh3 Be8 18. Ng5 Qa5 19. Bd2 Rxg5 20. Bxg5 Rf5 21. Bd2
Qa4 22. Qd1 Bg6 23. Ra2 Rf8 24. g4 b6 25. f3 b5 26. Qb1 Rf7 27. Ke2 Rf8 28. Kf2
Rf7 29. Kg3 Rf8 30. Rh2 Rf7 31. Bg5 Qa5 32. Bd2 Qa4 33. Be1 Rf8 34. Ra1 Rf7 35.
Qb2 Rb7 36. Rb1 Rb6 37. Kf4 Rb7 38. Bh4 Rb6 39. Kg3 Rb7 40. Bg5 Rb8 41. Qc1 Qa5
42. Qb2 Qa4 43. Ra1 Qa5 44. Be3 Qa4 45. Rf1 Rf8 (45... a5 {is met by} 46. f4
Ne7 47. Rhf2 Rf8 48. f5 exf5 49. Bg5 {, retaining an edge}) 46. Qc1 Qa5 47. Qb2
Qa4 48. Bg5 Qa6 49. Kh4 Qa4 50. Rhf2 Rf7 51. Kg3 h5 $6 (51... Qa5 {was more
tenacious, although after} 52. f4 Be4 53. f5 {White has a decisive advantage
anyway.}) 52. gxh5 Bxh5 53. Rh1 Bg6 54. Rfh2 Rc7 55. Qc1 Kf7 56. Qf4+ Bf5 57.
Rh7 Qxc2 (57... Rc8 {fails to} 58. Bf6 Rg8 59. Qg5 Bxh7 60. Rxh7 Qxc2 61. Rxg7+
Rxg7 62. Qxg7+ Ke8 63. Qg8+ Kd7 64. Qf7+ Kc8 65. Qxe6+ {, winning.}) 58. Bd8 $1
Nxd8 {[%tqu "En","How can White finish his attack?","Expose the enemy king!",
"Sacrifice your rook!","h7g7","This nice rook sacrifice forces mate in a few
moves.",6]} 59. Rxg7+ $1 {[%csl Gf4,Rf7,Gg7,Gh1] The final culmination of
White's attack! Now mate is inevitable.} Kxg7 60. Qg5+ Kf7 61. Rh8 {Black
resigned, as the threat 62.Qf6 cannot be parried.} 1-0

[Event "FIDE-Wch k.o."]
[Site "Groningen"]
[Date "1997.12.11"]
[Round "2.1"]
[White "Milos, Gilberto"]
[Black "Kindermann, Stefan"]
[Result "1-0"]
[WhiteElo "2590"]
[BlackElo "2570"]
[Annotator "Atlas,V"]
[PlyCount "77"]
[EventDate "1997.12.09"]
[EventType "k.o."]
[EventRounds "7"]
[EventCountry "NED"]
[SourceTitle "CBM 063"]
[Source "ChessBase"]
[SourceDate "1998.03.26"]
[SourceVersion "1"]
[SourceVersionDate "1998.03.26"]
[SourceQuality "1"]

1. e4 {Kortschnoj} e6 2. d4 d5 3. Nc3 Bb4 4. e5 c5 5. a3 Bxc3+ 6. bxc3 Ne7 7.
h4 Qa5 8. Bd2 cxd4 9. cxd4 Qa4 10. c3 {The most natural and at the same time a
very rare move! In this position White has a great bunch of different options,
and it is in order to outline them here:} (10. Qg4 Nf5 11. c3 Nc6 12. Be2 b6
13. h5 Ba6 14. Bxa6 Qxa6 15. h6 gxh6 16. Qf4 Na5 17. g4 Ne7 18. Ne2 Rc8 19.
Rxh6 {1/2-1/2 Kuczynski,R-Summermatter,D/Geneve-B 1988 (37)}) (10. Bc3 b6 11.
h5 h6 12. g4 Ba6 13. Bg2 Nbc6 14. Rh3 Rf8 15. Ne2 f5 16. exf6 {1/2-1/2
Kuczynski,R-Matlak,M/POL-ch 1988 (35)}) (10. Bb4 Nbc6 11. c3 Qxd1+ 12. Kxd1 Bd7
13. h5 h6 14. Bd3 Nxb4 15. axb4 O-O 16. f4 a5 17. bxa5 Nc6 18. Nf3 Nxa5 19. Kc2
Nc4 20. Kb3 Na5+ 21. Kb4 b6 22. Nd2 Ra7 23. Ra3 Rc8 24. Rha1 Rac7 {1/2-1/2
Gavrikov,V-Farago,I/Texta 1988}) (10. h5 h6 11. Nf3 b6 12. Rh4 Ba6 13. Rg4 Rg8
14. Nh4 Bxf1 15. Kxf1 Nbc6 16. Kg1 Rc8 17. Rb1 Na5 18. Rf4 Nb7 19. Rb3 {
1-0 Wang Zili-Yu Shaoteng/Lee Cup 1995 (30)}) (10. Nf3 b6 11. Qb1 Ba6 12. Qb3
Qd7 13. Bxa6 Nxa6 14. a4 Rc8 15. O-O Qc6 16. Rfb1 O-O 17. Qd3 Nb8 18. Bb4 Rfe8
19. a5 h5 20. axb6 axb6 21. Ra7 Nf5 22. c3 Rc7 23. Rba1 Rec8 24. g3 Qd7 25.
Rxc7 Qxc7 26. Ng5 g6 27. Qb5 Nc6 28. Ra6 Nxb4 29. Qxb4 Qxc3 30. Qxc3 {1/2-1/2
Ernst,T-Nijboer,F/Sonnevanck 1992 (40)}) (10. Ne2 Nbc6 11. Bc3 b6 12. Nf4 O-O
13. Nd3 Nb8 14. h5 h6 15. Bb4 Qd7 16. g4 Nbc6 17. c3 f6 18. exf6 Rxf6 19. g5
hxg5 20. Qg4 Qc7 21. Bxe7 Nxe7 22. Rc1 e5 23. Qxg5 exd4 24. Rg1 Re6+ 25. Kd2
Nf5 26. Bh3 Nd6 27. Bxe6+ {1-0 Milos,G-Poldauf,D/Groningen op 1994 (52) As can
be seen, Milos opts now for a less sharp continuation than in 1994. The text
move forces an intersting ending, in which White seems to have preferable
chances. Perhaps, Milos' conituation will become very popular in this line.}) (
10. Nf3 $14 {Kortschnoj}) 10... Qxd1+ 11. Rxd1 Nbc6 (11... b6 $142 {Kortschnoj}
12. a4 Ba6 13. Bb5+ Nec6 $14) 12. h5 h6 13. Bd3 Bd7 14. Ne2 Na5 15. Rb1 b6 16.
g4 Nc4 17. Bc1 Rc8 18. f3 {White is planning the pawn advance g4-g5. The text
move allows White after 19.Kf2 to effectively transfer his b1-rook to the
kingside.} (18. f4 {Kortschnoj} f6 $14) 18... Rf8 (18... f6 {Kortschnoj} 19.
exf6 gxf6 20. Nf4 Kf7 21. Kf2 Z0 22. Ng6 Nxg6 23. hxg6+ $16) 19. Kf2 Bc6 $6 {
After this move White seizes a dangerous initiative on the kingside.} (19... f6
20. exf6 Rxf6 $14 {was to be preferred.}) 20. g5 $1 hxg5 21. Bxg5 Nf5 $2 (21...
Kd7 {was a better choice. After the text move Black's position is critical.}) (
21... Nxa3 {Kortschnoj} 22. Ra1 Bb5 23. Rxa3 Bxd3 24. Rxa7 f6 25. Z0 Rf7 $14)
22. Bxf5 $1 {This exchange proves very efficient here, since White is going to
explore the dark squares, and his light-squared bishop is not essential for
this operation.} exf5 23. Rbg1 {[%csl Rg7][%cal Gg1g7,Gh5h6,Gh1h6,Gh1h5,Gg5c1,
Ge2f4,Ge5e6]} Rh8 (23... Nxa3 $2 {fails to} 24. Bc1 Nc4 25. Rxg7 {, and the
passed h-pawn determines White's decisive advantage.}) 24. Bc1 Rh7 25. Nf4 Bb7
(25... Ke7 {Kortschnoj} 26. Rg5 $16) 26. h6 $1 {[%cal Gf4h5,Gh5f6,Gg1g7] This
excellent move, vacating the h5-square for the white knight, yields White a
decisive advantage.} gxh6 (26... g6 {is bad in view of} 27. e6 {קg6} (27. Nh3
{must also suffice})) (26... Rxh6 {Kortschnoj} 27. Nh5 Rxh5 28. Rxh5 g6 29. Rh7
$16) 27. Nh5 Ke7 28. Nf6 Rhh8 29. Rg7 {White's powerful expansion on the
kingside is does not leave Black any hope.} Na5 30. Bxh6 Rxc3 31. Nh7 Rc2+ (
31... Rxa3 32. Bg5+ Kd7 (32... Ke6 33. Rh6+ $18) 33. Nf6+) 32. Kg3 Kd7 33.
Rxf7+ Kc8 34. Bg7 $1 {The simplest way. Black is entirely defenceless against
the e-pawn march.} Rd8 35. e6 {[%csl Re8][%cal Ge6e7,Gh7f6,Gf6e8,Ge7e8]} Re2
36. e7 Re8 37. Be5 Kd7 (37... Bc6 {Kortschnoj} 38. Nf6 $18) (37... Nc6 {
Kortschnoj} 38. Rf8 Kd7 39. Nf6+ $18) 38. Nf6+ Ke6 39. Rhh7 $1 1-0

[Event "FIDE-Wch k.o."]
[Site "Groningen"]
[Date "1997.12.11"]
[Round "2.1"]
[White "Bologan, Viktor"]
[Black "Vaganian, Rafael A"]
[Result "0-1"]
[WhiteElo "2585"]
[BlackElo "2640"]
[Annotator "Atlas,V"]
[PlyCount "72"]
[EventDate "1997.12.09"]
[EventType "k.o."]
[EventRounds "7"]
[EventCountry "NED"]
[SourceTitle "CBM 063"]
[Source "ChessBase"]
[SourceDate "1998.03.26"]
[SourceVersion "1"]
[SourceVersionDate "1998.03.26"]
[SourceQuality "1"]

1. e4 {Finkel,A} e6 2. d4 d5 3. Nc3 Bb4 4. e5 c5 5. a3 Ba5 6. b4 cxd4 7. Nb5
Bc7 8. f4 Bd7 9. Nf3 {In this system White can choose, which of the black
bishops will be exchanged for his b5 knight. Exchange of the dark-squared
bishop is more popular in the modern practice:} (9. Nxc7+ $5 {It looks logical
to exchange the better bishop.} Qxc7 10. Bb2 $5 (10. Nf3 Nc6 11. Bb2 Nge7 12.
Bd3 a6 13. O-O h6 14. Qd2 O-O 15. Kh1 Nf5 16. Rfe1 Rac8 17. a4 Ne3 18. Nxd4 Nc4
19. Bxc4 dxc4 20. Nxc6 Bxc6 21. Bd4 Bd5 22. Ra3 {1/2-1/2 Apicella,M-Dimitrov,V/
Sofia tt 1990 (41)}) 10... Nh6 11. Nf3 Nc6 12. Bd3 Rc8 13. Qe2 Nf5 14. O-O Ne3
$5 15. Rfc1 Nc4 16. Bxc4 dxc4 17. Bxd4 $14 {Sevillano,E-Comas Fabrego,L/Moscow
olm PHI-ESP 1994 (47)}) ({White can also opt for} 9. Nxd4 Nc6 10. Ngf3 Nh6 11.
Bd3 Bb6 12. Bb2 O-O 13. O-O Rc8 14. Kh1 Nf5 15. Nxf5 exf5 16. c4 dxc4 17. Bxc4
Be6 18. Bxe6 fxe6 19. Qb3 Qe7 20. Rad1 {1/2-1/2 Jakubiec,A-Bashkov,V/Katowice
op 1993 (46)}) 9... Bxb5 ({Vaganian's patent. He exchanges the bad bishop.
After} 9... a6 10. Nxc7+ Qxc7 11. Bb2 Nc6 12. Bd3 Nge7 13. O-O g6 14. Kh1 Qb6
15. Qd2 Rc8 16. Qf2 Qc7 17. Rac1 h5 18. Rfe1 Ng8 19. Nxd4 {White gains a large
advantage (Held,P-Namyslo,H/OLWuert 1993).}) 10. Bxb5+ Nc6 $5 ({In his recent
game against Gallagher, Vaganian opted for} 10... Nd7 11. O-O Ne7 12. Nxd4 O-O
13. Bd3 g6 14. Bb2 Nb6 15. Qf3 Na4 16. Bc1 Bb6 17. Be3 Nb2 18. a4 a6 19. a5 Ba7
20. Nb3 Nxd3 21. cxd3 d4 22. Bf2 Qd5 23. Qxd5 Nxd5 24. Bxd4 Bxd4+ 25. Nxd4 Rfd8
$1 $17 {0-1 Gallagher,J-Lputian,S/WchT 4th 1997 (39) - see CBM62. The text
move is more popular.}) 11. Nxd4 (11. O-O {is an important alternative:} Nge7
12. Bd3 Nf5 (12... a6 13. Bb2 Bb6 14. Kh1 h6 15. Qe2 Qd7 16. Rae1 g6 17. Nh4
Nf5 18. Nxf5 gxf5 19. g4 fxg4 20. Qxg4 O-O-O 21. Qh5 Rdf8 22. f5 {Hellers,
F-Dimitrov,V/WchJ 1986/1/2-1/2 (56)}) 13. Bxf5 exf5 14. Qd3 Qd7 15. Bb2 O-O 16.
Kh1 Bb6 17. Rfd1 Rac8 18. Rd2 g6 19. Rad1 Nd8 20. Bxd4 Ne6 21. Bxb6 axb6 22. c4
d4 23. Nxd4 {1-0 Dragovic,M-Gavela,D/JUG-chT2 1994 (45)}) ({or} 11. Bd3 $5 Nge7
12. Qe2 Bb6 13. O-O Nf5 14. Kh1 Qc7 15. Bxf5 $5 exf5 16. Qd3 Qd7 17. Bb2 Rc8
18. b5 Na5 19. Bxd4 $14) 11... Nge7 12. c3 $6 ({This continuation is very
risky and probably inferior to} 12. Be3 Bb6 13. Qd2 Rc8 14. O-O O-O 15. Nxc6
Nxc6 16. Bd3 a5 17. Rab1 axb4 18. axb4 Ne7 19. Bxb6 Qxb6+ 20. Kh1 Ra8 21. g4 f5
22. exf6 Rxf6 23. Rbe1 Ng6 24. f5 exf5 25. g5 Rd6 26. Rxf5 Rad8 27. Qe3 {
1/2-1/2 Cladouras,P-Budnikov,A/Berlin Summer op 1992}) 12... Bb6 13. Be3 O-O
14. Qd2 (14. Bd3 {Finkel,A} Nxd4 15. cxd4 (15. Bxd4 Bxd4 16. cxd4 Qb6 $15 {
[%csl Rd4]}) 15... Nf5 (15... a5 $5) 16. Bxf5 exf5 17. O-O Rc8 18. Qd3 Qd7 19.
Rfc1 g6 20. Rxc8 Rxc8 21. Rc1 Rc6 22. b5 Rc7 23. Kf2 Qc8 24. Rxc7 Qxc7 25. Ke2
$11) (14. O-O $5 {Finkel,A} Bxd4 15. cxd4 a5 $13 (15... Nf5 16. Bf2 Qb6 17. Bd3
$14 Nfxd4 $2 18. b5 $18)) 14... Bxd4 $1 {Finkel: Giving up another bishop, but
getting in return strong counterplay on the queenside.} ({This subtle move
yields Black excellent play. Much weaker was} 14... Nxd4 15. cxd4 a5 16. O-O {
, and White retains a durable advantage.}) 15. cxd4 a5 $1 {[%csl Rb5][%cal
Ga5b4,Gd8b6,Gc6b4,Gb6b4] Only this continuation justifies Black's previous
move. Using an unfortunate postion of White's light-squared bishop, Black
develops a dangerous initiative on the queenside.} 16. O-O $6 {Finkel: From
now on white starts to face problems.Correct was} (16. bxa5 Nxa5 {followed by
Nc4 yields Black good prospects in the middlegame.} (16... Qxa5 {Finkel,A} 17.
Qxa5 (17. a4 $2 Qxb5 $19) 17... Rxa5 18. a4 $8 Nf5 19. Bd2 Ra7 20. Bxc6 bxc6
21. Bc3 Rfa8 22. a5 Ne3 23. Kf2 Nc4 24. Ra2 $1 $132 {with unclear position.}))
16... axb4 17. a4 $1 (17. axb4 {falls short after} Qb6 {, and Whtie cannot
solve his b-pawn problem. The text move yields White certain compensation for
the sacrificed pawn.}) 17... b3 $15 {[%cal Gc6a5,Ga5c4]} 18. g4 f5 {The
essential move. Otherwise after 19.f5 White develops a very dangerous
inititative on the kingside.} 19. exf6 (19. h3 $6 {Finkel,A} Na5 20. Rab1 Rc8
21. Rfc1 Nc4 $1 22. Qf2 fxg4 23. hxg4 Ng6 $17 {[%csl Rf4]}) 19... Rxf6 20. Qd3
$6 ({A dubious decision. The light-squared bishop retreat} 20. Bd3 {is
strongly met by} Qa5 $1 21. Qb2 (21. Qe2 Qc3 22. Rac1 (22. Rfc1 b2 $1 $19)
22... Qb4 $17) 21... Qb4 $17) ({More chances yielded} 20. Bf2 $1 {/\Bh4} Qb6
21. Rad1) (20. Rab1 {Finkel,A} Na5 21. Rfc1 {[%csl Rc4]} Rc8 22. Rxc8 Nxc8 23.
Qe1 {[%csl Rb3][%cal Ge3d2]} Nd6 $15) 20... Na5 21. Rae1 h6 {Finkel: Covering
square g5 in case of f5.} 22. Bf2 $2 {Now this maneuver is not efficient. By
simple means Black gets a winning position.} (22. Re2 {was to be preferred,
although in this case Black retains an advantage.}) 22... Rxf4 23. Rxe6 Nec6
24. Qg3 Qd7 $1 25. Qxf4 Qxe6 26. Bd3 Nc4 {White has no compensation for a
sacrificed pawn, whilst Black's passed b-pawn is very dangerous. Finkel: The
pawn on b3 has managed to survive and will cause white many problems!} 27. Bf5
Qf6 28. Qf3 Rd8 29. Qd3 (29. Qxb3 {Finkel,A} Nxd4 30. Qxb7 Nxf5 31. gxf5 Qxf5
$17) 29... b2 30. Re1 Qg5 31. Qe2 Rf8 {Threatening 31...Rf5.} 32. Qe6+ Kh8 33.
h4 (33. Qxd5 {is refuted by} Nd2 34. Be3 b1=Q $19) 33... Qf6 34. Qxd5 ({
Finkel: Some chances to save the game would leave} 34. Qxf6 gxf6 35. Rb1 Re8
36. Kf1 $17) 34... Nd2 $1 $19 {[%csl Rf3][%cal Yf8f2]} 35. Be3 b1=Q 36. Bxb1
Nf3+ 0-1